000 00271nam a22001217a 4500
999 _c12342
_d12342
020 _a9780077078560
082 _a174.4
100 _aGeorge Chryssides
245 _aEssentials of Business Ethics
260 _aUK
_bMcGraw-Hill
_c1996
300 _a201 pages.
942 _cBK